Možnosti benchmarkingu na identifikáciu disparít a zvyšovanie konkurenciescopnosti miest a obcí

Analýza doterajšieho priebehu prác na projekte Benchmarking miest, stručná charakteristika projektu. Metodický postup. Metodika tvorby návrhu ukazovateľov. Zmena štruktúry ukazovateľov benchmarkingu miest. Softvérové prostredie projektu. Predpokladané prínosy projektu.

Na minha lista:
Detalhes bibliográficos
Autor principal: Cibáková, Viera
Outros Autores: Nižňanský, Viktor, Rafaj, Peter
Formato: Capítulo de Livro
Idioma:eslovaco
Assuntos:
Tags: Adicionar Tag
Sem tags, seja o primeiro a adicionar uma tag!

MARC

LEADER 00000naa$a2200000$$$4500
001 0088771
005 20220718123927.3
041 0 |a slo 
044 |a SK 
245 1 0 |a Možnosti benchmarkingu na identifikáciu disparít a zvyšovanie konkurenciescopnosti miest a obcí  |c Viera Cibáková, Viktor Nižňanský, Peter Rafaj 
520 |a Analýza doterajšieho priebehu prác na projekte Benchmarking miest, stručná charakteristika projektu. Metodický postup. Metodika tvorby návrhu ukazovateľov. Zmena štruktúry ukazovateľov benchmarkingu miest. Softvérové prostredie projektu. Predpokladané prínosy projektu. 
610 2 0 |a benchmarking 
610 2 0 |a mestá 
610 2 0 |a obce 
610 2 0 |a disparita 
610 2 0 |a konkurencieschopnosť 
610 2 0 |a projekty 
610 2 0 |a Slovensko 
100 1 |a Cibáková, Viera 
700 1 |a Nižňanský, Viktor 
700 1 |a Rafaj, Peter